Köszöntés
Elmentve itt :
| Szerző: | |
|---|---|
| Adatforrás: | Meister |
| Forrásdokumentuma: | Látó. - 7 sz., 1992, 5-8 p. |
| Nyelv: | magyar |
| Kulcsszavak: | politikai publicisztika oktatási intézmények szabadegyetemek magyarok Európai Protestáns Magyar Szabadegyetem (EPMSZ) |
| LEADER | 00466nab a2200169 i 4500 | ||
|---|---|---|---|
| 001 | bibPRO00010070 | ||
| 008 | 060524s1992 xx hun | ||
| 040 | |a Sz1 | ||
| 041 | |a hun | ||
| 100 | 1 | |a JÓKAI Anna | |
| 245 | 1 | 0 | |a Köszöntés |c JÓKAI Anna |
| 695 | |a politikai publicisztika | ||
| 695 | |a oktatási intézmények | ||
| 695 | |a szabadegyetemek | ||
| 695 | |a magyarok | ||
| 695 | |a Európai Protestáns Magyar Szabadegyetem (EPMSZ) | ||
| 773 | 0 | |t Látó. - |g 7 sz., 1992, 5-8 p. | |